LEADER 01548nam 2200445 450 001 9910813304003321 005 20230803033254.0 010 $a92-2-226243-3 035 $a(CKB)3710000000058363 035 $a(SSID)ssj0001154809 035 $a(PQKBManifestationID)11689339 035 $a(PQKBTitleCode)TC0001154809 035 $a(PQKBWorkID)11176993 035 $a(PQKB)10462501 035 $a(MiAaPQ)EBC1531561 035 $a(EXLCZ)993710000000058363 100 $a20131113d2013 uy 0 101 0 $afre 135 $aurcnu|||||||| 181 $ctxt 182 $cc 183 $acr 200 00$aComprendre la convention (n? 169) relative aux peuples indige`nes et tribaux, 1989 $emanuel a` l'usage des mandants tripartites de l'OIT /$fBureau International du Travail 205 $aPremir?e d?ition. 210 1$aGeneva, Switzerland :$cOrganizacin? Internacional del Trabajo,$d2013. 210 4$dİ2013 215 $a1 online resource (61 pages) $cillustrations 300 $aBibliographic Level Mode of Issuance: Monograph 311 $a92-2-226242-5 606 $aIndians of Central America$xLegal status, laws, etc$zHonduras 615 0$aIndians of Central America$xLegal status, laws, etc. 676 $a917.28 712 02$aInternational Labour Organization. 801 0$bMiAaPQ 801 1$bMiAaPQ 801 2$bMiAaPQ 906 $aBOOK 912 $a9910813304003321 996 $aComprendre la convention (n? 169) relative aux peuples indige`nes et tribaux, 1989$93978127 997 $aUNINA LEADER 01564nam0 2200397 i 450 001 BVE0055300 005 20251003044054.0 010 $a8840532498 020 $aIT$b95-4899 100 $a20080930d1994 ||||0itac50 ba 101 | $aita 102 $ait 181 1$6z01$ai $bxxxe 182 1$6z01$an 200 1 $aSistemi elettronici a banda frazionale stretta$fLuisa Franchina, Piero Marietti 210 $aMilano$cMasson Editoriale ESA$d1994 215 $aXIV, 419 p.$d24 cm 225 | $aElettronica applicata$v2 300 $aSeguono appendici 300 $aErrata corrige alleg. 410 0$1001BVE0043226$12001 $aElettronica applicata$v2 606 $aSistemi elettronici$2FIR$3CFIC065917$9I 606 $aCircuiti elettronici$2FIR$3CFIC006530$9E 676 $a621.38101$9INGEGNERIA ELETTRONICA. Sistemi$v14 676 $a621.381011$9Ingegneria elettronica. Sistemi$v22 676 $a621.3841$9INGEGNERIA DELLE COMUNICAZIONI. RADIOTECNICA$v21 700 1$aFranchina$b, Luisa$3BVEV015364$4070$0745459 701 1$aMarietti$b, Piero$3BVEV015365$4070$0762835 801 3$aIT$bIT-000000$c20080930 850 $aIT-BN0095 901 $bNAP 01$cSALA DING $n$ 912 $aBVE0055300 950 0$aBiblioteca Centralizzata di Ateneo$c1 v. + 1 errata corrige$d 01SALA DING 621.38101 FRA.si$e 0102 0000016175 VMA A4 1 v. + 1 errata corrige$fY $h19950207$i19950207 977 $a 01 996 $aSistemi elettronici a banda frazionale stretta$91571251 997 $aUNISANNIO